Consumer lifestyles in China : integrated market information system.

Bibliographic Details
Corporate Author: Euromonitor Publications Limited
Format: Book
Language:English
Published: [London] : Euromonitor, [2000]
Subjects:

MARC

Tag First Indicator Second Indicator Subfields
LEADER 00000cam a2200000 a 4500
001 in00001623021
005 20151023061152.0
008 971030s2000 enka s 000 0 eng
015 |a GBA1-06350 
029 0 |a UKM  |b bA106350 
035 |a (OCoLC)ocm45735389 
040 |a UKM  |c UKM  |d TXA  |d UtOrBLW 
049 |a TXAM 
082 0 4 |a 658.83420951  |2 21 
090 |a HC427.95  |b .C66 2000 
245 0 0 |a Consumer lifestyles in China :  |b integrated market information system. 
264 1 |a [London] :  |b Euromonitor,  |c [2000] 
300 |a iv, 65 leaves :  |b illustrations ;  |c 30 cm. 
336 |a text  |b txt  |2 rdacontent 
337 |a unmediated  |b n  |2 rdamedia 
338 |a volume  |b nc  |2 rdacarrier 
500 |a "April 2000." 
500 |a Cover title. 
650 0 |a Market surveys  |z China  |v Statistics. 
650 0 |a Consumer behavior  |z China  |v Statistics. 
651 4 |a China  |x Economic conditions  |y 1976-2000  |v Statistics. 
710 2 |a Euromonitor Publications Limited. 
948 |a cataloged  |b h  |c 2001/8/17  |d c  |e jgreene  |f 11:44:00 am 
994 |a E0  |b TXA 
999 |a MARS 
999 f f |s 5391ab68-5f43-3c16-8c20-7f76df1e14fa  |i 8ab5d47a-7f8f-3d90-b74f-842c7a88b1e7  |t 0 
952 f f |p ric  |a Texas A&M University  |b Rellis Campus  |c Joint Library Facility  |d Remote Storage  |t 0  |e HC427.95 .C66 2000  |h Library of Congress classification  |i unmediated -- volume  |m A14827848468 
998 f f |a HC427.95 .C66 2000  |t 0  |l Remote Storage